000 00608nam a2200253Ia 4500
003 OSt
005 20221007104659.0
006 a|||||r|||| 00| 0
007 ta
008 221006b |||||||| |||| 00| 0 eng d
024 _a16,536
037 _cTextual
040 _aLCO
_cLCO
_beng
041 _2eng
_aeng
082 _aZ2,511, L0
100 _aGhosh S.K
245 0 _aHomicide
250 _a2nd
260 _aCalcutta
_bEastern Law House India
_c1970
300 _a189
650 _aHOMICIDE
_9706255
942 _hZ2,511, L0
_cTEXL
999 _c1186099
_d1186099